000 00492nam a22001937a 4500
003 CEME
005 20210628203742.0
008 210416b xxu||||| |||| 00| 0 eng d
020 _a0-7506-0786-6
040 _c.
082 _a620.0068 HAN'L
100 _aLock, Dennis
_942609
245 _aHandbook of engineering management
250 _a2ND
260 _aOXFORD
_bBUTTERWORTH HEINEMANN
_c1993
300 _aXXVIII,582P
650 _aENGINEERING MANAGEMENT
_967147
942 _cBK
_2ddc
999 _c574989
_d574989